Central Library OPAC University of Rajshahi

Fundamentals of successful manufacturing, (Record no. 3663)

MARC details
000 -LEADER
fixed length control field 00876cam a22002651 4500
001 - CONTROL NUMBER
control field 3663
003 - CONTROL NUMBER IDENTIFIER
rucl marc code BD-RjUL
005 - DATE AND TIME OF LATEST TRANSACTION
control field 20211208233751.0
008 - FIXED-LENGTH DATA ELEMENTS--GENERAL INFORMATION
fixed length control field 131219s1946 nyua 001 0 eng
035 ## - SYSTEM CONTROL NUMBER
System control number (OCoLC)1651009
-- (BD-RjUL)3697
040 ## - CATALOGING SOURCE
Original cataloging agency DLC
Transcribing agency FM
Modifying agency OCoLC
-- DLC
-- BD-RjUL
Language of cataloging eng
041 ## - LANGUAGE CODE
Language code of text/sound track or separate title eng
082 ## - DEWEY DECIMAL CLASSIFICATION NUMBER
Classification number 658.01
Author mark and year HYF
100 1# - MAIN ENTRY--PERSONAL NAME
Personal name Hyde, George Gaynor,
Dates associated with a name 1898-
9 (RLIN) 11620
245 00 - TITLE STATEMENT
Title Fundamentals of successful manufacturing,
Statement of responsibility, etc. by George Gaynor Hyde ...
260 ## - PUBLICATION, DISTRIBUTION, ETC. (IMPRINT)
Place of publication, distribution, etc. New York ;
-- London :
Date of publication, distribution, etc. McGraw-Hill Book Company, inc.,
-- c1946.
300 ## - PHYSICAL DESCRIPTION
Pagination xii p., 1 l., 201 p. :
Illustrations illus., diagrs.;
Size 23 cm.
490 0# - SERIES STATEMENT
Series statement McGraw-Hill industrial organization and management series
650 #0 - SUBJECT ADDED ENTRY--TOPICAL TERM
Topical term or geographic name as entry element Industrial organization.
9 (RLIN) 6101
Topical term or geographic name as entry element Factory management.
9 (RLIN) 9511
942 ## - ADDED ENTRY ELEMENTS (KOHA)
Source of classification or shelving scheme Dewey Decimal Classification
Koha item type Books
Holdings
Lost status Source of classification or shelving scheme Damaged status Not for loan Collection code Permanent Location Current Location Shelving location Date acquired Source of acquisition Cost, normal purchase price Total Checkouts Full call number Date last seen Copy number Koha item type
  Dewey Decimal Classification   Not For Loan Non-fiction Central Library, University of Rajshahi Central Library, University of Rajshahi Reading Room 13/10/1955 Allies Books cor. 28.00   658.01 HYF 1946 19/12/2013 C-1 Books